| 000 | 005030000a22001810004500 | ||
|---|---|---|---|
| 003 | MACL | ||
| 005 | 20160312132327.0 | ||
| 008 | 160312b xxu||||| |||| 00| 0 eng d | ||
| 040 |
_aMACL _cMACL |
||
| 041 | _aHindi | ||
| 082 | _a891.433 | ||
| 100 |
_aसविता चडढा _945327 |
||
| 245 | _aएक और भगवान | ||
| 260 |
_bतक्षशिला प्रकाशन _c1988 _aदिल्ली |
||
| 350 | _a40 | ||
| 650 |
_aStories _945328 |
||
| 942 |
_cHIN _k891.433 _2ddc |
||
| 999 |
_c29142 _d29142 |
||